Кавказские поэмы (Запись № 4517806)

Подробности
000 -МАРКЕР
контрольное поле 02231nam0a2200385 i 4500
001 - ИДЕНТИФИКАТОР ЗАПИСИ
контрольное поле RU\NLR\bibl\2036489
005 - ИДЕНТИФИКАТОР ВЕРСИИ
контрольное поле 20260406114906.0
010 ## - МЕЖДУНАРОДНЫЙ СТАНДАРТНЫЙ НОМЕР КНИГИ (ISBN)
Номер (ISBN) 978-5-906002-37-2
Тираж 500
021 ## - НОМЕР ГОСУДАРСТВЕННОЙ РЕГИСТРАЦИИ
Код страны Российская Федерация
Номер 2013-34723
Номер Листа государственной регистраци 2377
035 ## - ДРУГИЕ СИСТЕМНЫЕ НОМЕРА
Идентификатор записи (NLR Aleph) 002023913
100 ## - ДАННЫЕ ОБЩЕЙ ОБРАБОТКИ
Данные общей обработки 20130524d2013 u y0rusy50 ca
101 0# - ЯЗЫК РЕСУРСА
Язык текста, звукозаписи и т.д. русский
-- кабардино-черкесский, кабардинский, черкесский
102 ## - СТРАНА ПУБЛИКАЦИИ ИЛИ ПРОИЗВОДСТВА
Страна публикации Российская Федерация
105 ## - ПОЛЕ КОДИРОВАННЫХ ДАННЫХ: ТЕКСТОВЫЕ МАТЕРИАЛЫ, МОНОГРАФИЧЕСКИЕ
Кодированные данные о монографическом текстовом документе a |||||||||
200 1# - ЗАГЛАВИЕ И СВЕДЕНИЯ ОБ ОТВЕТСТВЕННОСТИ
Основное заглавие Кавказские поэмы
Параллельное заглавие Кавказ поэмэхэр
Сведения, относящиеся к заглавию с иллюстрациями русских и зарубежных художников XIX-XX веков
Первые сведения об ответственности Лермонтов М.Ю.
Последующие сведения об ответственности [пер. на кабардино-черкесский яз. лауреатом Госпремии КБР, нар. поэтом Кабардино-Балкарии Русланом Ацкановым]
Язык параллельного заглавия кабардино-черкесский, кабардинский, черкесский
210 ## - ПУБЛИКАЦИЯ, РАСПРОСТРАНЕНИЕ И ДР.
Место издания, распространения и т.д. Нальчик
Имя издателя, распространителя и т. д. Тетраграф
Дата издания, распространения и т.д. 2013
215 ## - ФИЗИЧЕСКАЯ ХАРАКТЕРИСТИКА
Специфическое обозначение материала и объем 535 с.
Другие сведения о физической характеристике ил., портр., факс.
Размеры 25
225 1# - СЕРИЯ
Основное заглавие серии Черкесика
Параллельное заглавие серии Cherkesika
Сведения, относящиеся к заглавию общеадыгская серия
Сведения об ответственности авт. проекта и гл. ред. - акад. АМАН Мухамед Хафицэ
Обозначение тома т. 2
Язык параллельного заглавия английский
300 ## - ОБЩИЕ ПРИМЕЧАНИЯ
Текст примечания Текст парал. на рус. и кабард.-черкес. яз.
327 1# - ПРИМЕЧАНИЯ О СОДЕРЖАНИИ
Текст примечания Содерж.: Черкесы; Кавказский пленник; Каллы. Черкесская повесть; Измаил Бей. Восточная повесть; Аул Бастунджи; Хаджи Абрек; Беглец. Горная легенда; Демон. Восточная повесть; Мцыри
510 1# - ПАРАЛЛЕЛЬНОЕ ЗАГЛАВИЕ
Связь между полями z73790
Параллельное заглавие Кавказ поэмэхэр
Язык заглавия кабардино-черкесский, кабардинский, черкесский
686 ## - ИНДЕКСЫ ДРУГИХ КЛАССИФИКАЦИЙ
Индекс Ш6(2=Р)51-5
700 #1 - ИМЯ ЛИЦА - ПЕРВИЧНАЯ ОТВЕТСТВЕННОСТЬ
Код отношения Автор
Материалы, к которым относится поле rus
Графика поля Кириллица
Начальный элемент ввода Лермонтов
Часть имени, кроме начального элемента ввода М. Ю.
Дополнения к именам, кроме дат поэт
Даты 1814-1841
Расширение инициалов личного имени Михаил Юрьевич
Идентификатор авторитетной/нормативной записи RU\NLR\auth\77328
Системный номер авторитетной/нормативной записи 110383
702 #1 - ИМЯ ЛИЦА - ВТОРИЧНАЯ ОТВЕТСТВЕННОСТЬ
Начальный элемент ввода Ацканов
Часть имени, кроме начального элемента ввода Р. Х.
Расширение инициалов личного имени Руслан Х.
Код отношения Переводчик
790 #1 - ИМЯ ЛИЦА - АЛЬТЕРНАТИВНАЯ ФОРМА
Код отношения Автор
Материалы, к которым относится поле rus
Графика поля Кириллица
Начальный элемент ввода Лермонтов
Часть имени, кроме начального элемента ввода М. Ю.
Дополнения к именам, кроме дат поэт
Даты 1814-1841
Расширение инициалов личного имени Михаил Юрьевич
Идентификатор авторитетной/нормативной записи RU\NLR\auth\77328
Системный номер авторитетной/нормативной записи 110383
801 #0 - ИСТОЧНИК ЗАПИСИ
Страна Российская Федерация
Организация NLR
Дата составления 20130524
Правила каталогизации RCR
801 #1 - ИСТОЧНИК ЗАПИСИ
Страна Российская Федерация
Организация NLR
Дата составления 20130524
852 ## - МЕСТОНАХОЖДЕНИЕ И ШИФР ХРАНЕНИЯ
Идентификатор организации NLR
Наименование фонда или коллекции (Sub-Location Identifier) ОНЛ
Шифр хранения (Call Number) Кабар./4-105
852 ## - МЕСТОНАХОЖДЕНИЕ И ШИФР ХРАНЕНИЯ
Идентификатор организации NLR
Наименование фонда или коллекции (Sub-Location Identifier) ОНЛ
Шифр хранения (Call Number) МК-9307
942 ## - ДОПОЛНИТЕЛЬНЫЕ ЭЛЕМЕНТЫ ЗАПИСИ (АБИС)
Тип экземпляра АБИС Книга
980 ## - КОЛЛЕКЦИЯ
Название коллекции НБР

Нет доступных экземпляров.